Folk tales /

Hlavní autor: Erben, Karel Jaromír, 1811-1870
Další autoři: Němcová, Božena, 1820-1862, Lada, Josef, 1887-1957, Gissing, Vera, 1928-2022, Doležalová, Lucy, 1922-2010
Jazyk: Angličtina
Vydáno: Prague : Albatros, [2001]
Vydání: The third edition in this collection
Témata:
Externí odkaz: Digitalizovaný dokument
Fyzický popis: 118 stran : ilustrace (převážně barevné) ; 27 cm
Knihy
Uloženo v:
LEADER 01839nam a2200445 i 4500
001 001488825
003 CZ BrMZK
005 20151007132002.0
007 ta
008 150917s2001 xr a b 000 f eng
020 |a 80-00-00931-5  |q (vázáno) 
040 |a BOA001  |b cze  |e rda 
041 1 |a eng  |h cze 
072 7 |a 821.162.3-3  |x Česká próza  |2 Konspekt  |9 25 
072 7 |a 821-93  |x Literatura pro děti a mládež (beletrie)  |2 Konspekt  |9 26 
080 |a 821.162.3-34  |2 MRF 
080 |a 821-93  |2 MRF 
080 |a (0:82-34)  |2 MRF 
100 1 |a Erben, Karel Jaromír,  |d 1811-1870  |7 jk01030532  |4 aut 
240 1 0 |a České pohádky.  |l Anglicky 
245 1 0 |a Folk tales /  |c Karel Jaromír Erben, Božena Němcová ; illustrations by Josef Lada ; translated by Vera Gissing and Lucy Doležalová 
250 |a The third edition in this collection 
264 1 |a Prague :  |b Albatros,  |c [2001] 
300 |a 118 stran :  |b ilustrace (převážně barevné) ;  |c 27 cm 
336 |a text  |b txt  |2 rdacontent 
337 |a bez média  |b n  |2 rdamedia 
338 |a svazek  |b nc  |2 rdacarrier 
500 |a Přeloženo z češtiny 
500 |a Dostupné též v digitální podobě v aplikaci Kramerius 
655 7 |a české pohádky  |7 fd133970  |2 czenas 
655 7 |a publikace pro děti  |7 fd133156  |2 czenas 
700 1 |a Němcová, Božena,  |d 1820-1862  |7 jk01083016  |4 aut 
700 1 |a Lada, Josef,  |d 1887-1957  |7 jk01071364  |4 ill 
700 1 |a Gissing, Vera,  |d 1928-2022  |7 jn20000700617  |4 trl 
700 1 |a Doležalová, Lucy,  |d 1922-2010  |7 jx20120709001  |4 trl 
856 4 1 |u http://www.digitalniknihovna.cz/mzk/uuid/uuid:76bd1f70-ef51-11ef-b4c3-5ef3fc9bb22f  |y Digitalizovaný dokument  |x NDK 
910 |a BOA001  |b 3-1354.052 
990 |a BK 
991 |b 201510  |e b 
996 6 |b 2610644274  |c 3-1354.052  |l MZK  |r Sklad / do 1 hodiny  |n 1  |p dar  |w 001523940  |u 000010  |a 1  |e BOA001  |j MZK50  |s P